000 00462nam a2200157Ia 4500
003 OSt
005 20200707140257.0
008 190216s9999||||xx |||||||||||||| ||und||
040 _coclc
082 _a950.2
_bTRI/R
100 _aTripathi, R P
_93105
245 0 _aRise And Fall Of The Mughal Empire /
_c R P Tripathi
260 _bCentral Book Depot,
_c1969.
_aAllahabad:
300 _a528p
942 _cBK
_2ddc
_h950.2
_iTRI/R
_k950.2
_mTRI/R
999 _c19092
_d19092